| 000 | 00422nam a2200169Ia 4500 | ||
|---|---|---|---|
| 003 | IT-RoPAU | ||
| 008 | 120407s9999 xx 000 0 und d | ||
| 040 | _aIT-RoPAU | ||
| 040 | _cIT-RoPAU | ||
| 100 | _aMaria Angela Croce | ||
| 245 | _aComunicazioni di massa, tecniche audiovisive e società : una valutazione sperimentale | ||
| 250 | _aBologna | ||
| 260 | _aIl Mulino | ||
| 300 | _c cm | ||
| 490 | _v1 | ||
| 942 | _cBK | ||
| 999 |
_c6876 _d6876 |
||